| 000 | 00841nam a2200253 i 4500 | ||
|---|---|---|---|
| 003 | DO-SdBNP | ||
| 005 | 20250918091139.0 | ||
| 007 | ta | ||
| 008 | 250918b2001 dr d|||| |||| 00| 0 spa d | ||
| 040 |
_aDO-SdBNP _bspa _cBNPHU _erda |
||
| 041 | _aspa | ||
| 082 | 4 |
_axxx _bxxx _222 |
|
| 100 |
_aOrtiz, Marina, _eautor _4aut. _910383 |
||
| 245 | 1 | 0 |
_aPequeñas y medianas empresas en la República Dominicana / _cMarina Ortiz |
| 264 | 1 |
_aSanto Domingo : _bFondo para el Financiamiento de la Microempresa, _c2001. |
|
| 300 |
_a119 páginas : _bgráficos ; _c23 cm. |
||
| 336 |
_atexto _btxt _2rdacontent |
||
| 337 |
_asin mediación _bn _2rdamedia |
||
| 338 |
_avolumen _bnc _2rdacarrier |
||
| 500 | _aIncluye datos biográficos del autor en la solapa de la cubierta | ||
| 590 | _aInventariado, 2025/BT | ||
| 910 | _aBtavárez | ||
| 942 |
_2ddc _cLBS1 |
||
| 999 |
_c59886 _d59886 |
||